Statistics for NBA Raptors Roster 2021-2022

Click here to take the quiz!

General Stats

  • This quiz has been taken 77 times
  • The average score is 7 of 15

Answer Stats

HintAnswer% Correct
SGFred VanVleet
93%
PFPascal Siakam
88%
SFScottie Barnes
85%
SGGary Trent Jr.
83%
SFOG Anunoby
82%
PFChris Boucher
68%
PFPrecious Achiuwa
58%
PGGoran Dragic
40%
PGMalachi Flynn
32%
CKhem Birch
27%
SFJustin Champagnie
17%
SGSvi Mykhailiuk
17%
PGDalano Banton
15%
SFYuta Watanabe
8%
PGDavid Johnson
7%

Score Distribution

Percentile by Number Answered

Percent of People with Each Score

Your Score History

You have not taken this quiz